00999nam a22002297a 4500003000400000005001700004008004100021017004400062020003100106040002300137100002500160245020100185246012000386260003100506300002600537650005700563650003900620650002500659650003700684650002700721700002100748OSt20190508170355.0190508e201802 spca 000 0 spa|d aDL B 1076-2018bBiblioteca de Catalunya a9788423429097q(Rústica) aES-BaBCbcatcCDMR1 aFriedman, Thomas L.,10aGracias por llegar tardeb: cómo la tecnología, la globalización y el cambio climático van a transformar el mundo los próximos años /cThomas L. Friedman ; traducido por Rebeca Bouvier30aCómo la tecnología, la globalización y el cambio climático van a transformar el mundo los próximos años aBarcelona :bDeusto,c2018 a600 p. :bil ;c23 cm 7aInnovacions tecnològiquesxAspectes socials2lemac 7aTecnologia i civilització2lemac 7aGeopolítica2lemac 7aParticipació política2lemac 7aGlobalització2lemac1 aBouvier, Rebeca,